| Tag |
First Indicator |
Second Indicator |
Subfields |
| LEADER |
00000cam a2200000 a 4500 |
| 001 |
in00000460921 |
| 008 |
700108r19691969nyuacfh b 001 0deng |
| 005 |
20260512155332.0 |
| 010 |
|
|
|a 77086904
|
| 019 |
|
|
|a 1001368338
|a 1116138100
|a 1149666367
|a 1223757254
|a 1223892168
|
| 020 |
|
|
|a 0440004209
|
| 020 |
|
|
|a 9780440004202
|
| 029 |
1 |
|
|a AU@
|b 000000215063
|
| 029 |
1 |
|
|a NLGGC
|b 781057337
|
| 029 |
1 |
|
|a NZ1
|b 3209035
|
| 035 |
|
|
|z (OCoLC)1001368338
|z (OCoLC)1116138100
|z (OCoLC)1149666367
|z (OCoLC)1223757254
|z (OCoLC)1223892168
|
| 035 |
|
|
|a (OCoLC)50539
|
| 037 |
|
|
|c 3.95
|
| 040 |
|
|
|a DLC
|b eng
|c DLC
|d BTCTA
|d STF
|d OG#
|d PHA
|d OCLCO
|d OCLCF
|d P4I
|d OCLCQ
|d OCLCO
|d OCLCQ
|d IQU
|d OCLCQ
|d SNN
|d OCLCQ
|d S2H
|d OCLCO
|d KSU
|d OCLCO
|d OCLCL
|d OCLCQ
|d OCLCL
|d OCLCO
|
| 050 |
0 |
0 |
|a HV6441
|b .H6 1969
|
| 051 |
|
|
|a HV6441
|b .H6 1969 Copy 2
|
| 082 |
0 |
0 |
|a 364.15/52
|2 21
|1 https://id.oclc.org/worldcat/ddc/E3yppcPwyPpJBpmbYgRYPBx63r
|
| 100 |
1 |
|
|a Hobsbawm, E. J.
|q (Eric J.),
|d 1917-2012.
|1 https://id.oclc.org/worldcat/entity/E39PBJgRQQKvPvj4pY7QpyKyBP
|
| 245 |
1 |
0 |
|a Bandits /
|c Eric Hobsbawm.
|
| 260 |
|
|
|a [New York] :
|b Delacorte Press,
|c 1969.
|
| 300 |
|
|
|a 128 pages, 28 unnumbered pages of plates :
|b illustrations, facsimiles, portraits ;
|c 22 cm.
|
| 336 |
|
|
|a text
|b txt
|2 rdacontent
|
| 337 |
|
|
|a unmediated
|b n
|2 rdamedia
|
| 338 |
|
|
|a volume
|b nc
|2 rdacarrier
|
| 490 |
1 |
|
|a Pageant of history series
|
| 500 |
|
|
|a "Originally published in England by George Weidenfeld & Nicolson, Ltd."--Title page verso.
|
| 500 |
|
|
|a The Cushing Library/Dykes copy [A1485348964J] is part of the Jim & Theresa Earle Collection.
|
| 504 |
|
|
|a Includes bibliographical references (pages 121-123) and index.
|
| 505 |
0 |
|
|a What is banditry? -- Who becomes a bandit? -- The noble robber -- The avengers -- Haiduks -- The economics and politics of banditry -- Bandits and revolution -- The expropriators -- The bandit as symbol.
|
| 650 |
|
0 |
|a Brigands and robbers.
|
| 650 |
|
6 |
|a Bandits et brigands.
|
| 650 |
|
7 |
|a Brigands and robbers
|2 fast
|
| 655 |
|
4 |
|a True crime literature.
|
| 710 |
2 |
|
|a Paul Avrich Collection (Library of Congress)
|1 https://id.oclc.org/worldcat/entity/E39QQPVp7T64BGGcvmchVc6HdF
|5 DLC
|
| 776 |
0 |
8 |
|i Online version:
|a Hobsbawm, E.J. (Eric J.), 1917-
|t Bandits.
|d [New York] Delacorte Press [1969]
|w (OCoLC)654151296
|
| 830 |
|
0 |
|a Pageant of history series.
|
| 938 |
|
|
|a Baker and Taylor
|b BTCP
|n 77086904
|
| 948 |
|
|
|h HELD BY TXA - 347 OTHER HOLDINGS
|
| 994 |
|
|
|a Z0
|b TXA
|
| 999 |
f |
f |
|s e40cee86-4727-3bd2-af0b-a8d2cbb03624
|i a0480538-6c16-3220-b36c-01a8b48dceb9
|t 0
|
| 952 |
f |
f |
|p noncirc
|a Texas A&M University
|b College Station
|c Cushing Memorial Library & Archives
|s cush dyks
|d Cushing: Dykes (Does not check out)
|t 0
|e HV6441 .H6 1969
|h Library of Congress classification
|i unmediated -- volume
|m A1485348964J
|
| 952 |
f |
f |
|p ric
|a Texas A&M University
|b Rellis Campus
|c Joint Library Facility
|s JLF
|d Remote Storage
|t 0
|e HV6441 .H6 1969
|h Library of Congress classification
|i unmediated -- volume
|m A14803034063
|
| 998 |
f |
f |
|a HV6441 .H6 1969
|t 0
|l Cushing: Dykes (Does not check out)
|
| 998 |
f |
f |
|a HV6441 .H6 1969
|t 0
|l Remote Storage
|